[Event "Senior Women Russian Championship 2022_HL"]
[Site "Saint-Petersburg"]
[Date "2022.09.25"]
[Round "1.10"]
[White "Mednikova, Svetlana"]
[Black "Vasiukova, Ekaterina"]
[Result "1-0"]
[BlackElo "1675"]
[WhiteElo "2092"]
[LiveChessVersion "1.4.8"]

1. e4 {[%clk 1:30:57]} c6 {[%clk 1:30:50]} 2. d4 {[%clk 1:31:15]} d5
{[%clk 1:31:12]} 3. exd5 {[%clk 1:31:18]} cxd5 {[%clk 1:31:28]} 4. c4
{[%clk 1:31:37]} Nc6 {[%clk 1:28:35]} 5. Nc3 {[%clk 1:26:36]} e6 {[%clk 1:26:28]}
6. Nf3 {[%clk 1:26:43]} Nf6 {[%clk 1:22:23]} 7. cxd5 {[%clk 1:22:51]} Nxd5
{[%clk 1:21:55]} 8. Bd3 {[%clk 1:22:59]} Bb4 {[%clk 1:12:22]} 9. Bd2
{[%clk 1:20:54]} O-O {[%clk 1:09:20]} 10. a3 {[%clk 1:15:53]} Be7
{[%clk 1:07:38]} 11. O-O {[%clk 1:11:25]} Bf6 {[%clk 1:06:45]} 12. Ne2
{[%clk 1:00:25]} Qb6 {[%clk 1:02:47]} 13. Bc3 {[%clk 0:56:16]} Rd8
{[%clk 0:53:39]} 14. Qc2 {[%clk 0:54:38]} g6 {[%clk 0:53:18]} 15. Rfd1
{[%clk 0:53:46]} Bd7 {[%clk 0:52:20]} 16. h4 {[%clk 0:46:48]} Nce7
{[%clk 0:50:32]} 17. h5 {[%clk 0:46:27]} Rac8 {[%clk 0:48:13]} 18. Qd2
{[%clk 0:43:19]} Ba4 {[%clk 0:43:25]} 19. Ba5 {[%clk 0:38:21]} Qd6
{[%clk 0:36:54]} 20. Bxd8 {[%clk 0:36:39]} Rxd8 {[%clk 0:34:04]} 21. Rdc1
{[%clk 0:34:42]} Bc6 {[%clk 0:33:18]} 22. b4 {[%clk 0:22:45]} a6 {[%clk 0:33:39]}
23. Rab1 {[%clk 0:22:39]} Nc7 {[%clk 0:33:35]} 24. Qc2 {[%clk 0:16:35]} Nf5
{[%clk 0:25:58]} 25. Be4 {[%clk 0:12:05]} Nd5 {[%clk 0:25:27]} 26. Bxf5
{[%clk 0:05:03]} gxf5 {[%clk 0:25:27]} 27. Qc5 {[%clk 0:04:59]} Qb8
{[%clk 0:25:03]} 28. b5 {[%clk 0:02:18]} Be7 {[%clk 0:24:55]} 29. Qc2
{[%clk 0:02:05]} Bxb5 {[%clk 0:23:42]} 30. Nc3 {[%clk 0:01:58]} Rc8
{[%clk 0:22:48]} 31. Nxd5 {[%clk 0:01:34]} Rxc2 {[%clk 0:22:29]} 32. Nxe7+
{[%clk 0:01:51]} Kg7 {[%clk 0:22:28]} 33. Rxc2 {[%clk 0:02:00]} Qd6
{[%clk 0:22:17]} 34. Nc8 {[%clk 0:01:45]} Qxa3 {[%clk 0:22:02]} 35. Rbc1
{[%clk 0:02:02]} Bc6 {[%clk 0:22:08]} 36. Ne5 {[%clk 0:02:14]} Bd5
{[%clk 0:17:34]} 37. Rc7 {[%clk 0:02:33]} Kh6 {[%clk 0:17:13]} 38. Nxf7+
{[%clk 0:02:23]} Kxh5 {[%clk 0:17:36]} 39. Ne5 {[%clk 0:32:08]} h6
{[%clk 0:46:22]} 40. R7c3 {[%clk 0:30:57]} Qb2 {[%clk 0:44:35]} 41. Nd6
{[%clk 0:28:51]} Qd2 {[%clk 0:42:56]} 42. Ndf7 {[%clk 0:27:23]} Qxd4
{[%clk 0:38:57]} 43. Rh3+ {[%clk 0:27:12]} Qh4 {[%clk 0:39:13]} 44. Rxh4+
{[%clk 0:26:55]} Kxh4 {[%clk 0:39:26]} 45. Rc3 {[%clk 0:27:10]} 1-0

[Event "Senior Women Russian Championship 2022_HL"]
[Site "Saint-Petersburg"]
[Date "2022.09.25"]
[Round "1.11"]
[White "Kazantseva, Alla"]
[Black "Kozlovskaya, Valentina"]
[Result "0-1"]
[BlackElo "2067"]
[WhiteElo "1654"]
[LiveChessVersion "1.4.8"]

1. e4 {[%clk 1:30:54]} c5 {[%clk 1:30:50]} 2. d3 {[%clk 1:31:11]} Nc6
{[%clk 1:31:09]} 3. Nf3 {[%clk 1:31:24]} d6 {[%clk 1:31:28]} 4. g3
{[%clk 1:31:41]} g6 {[%clk 1:31:01]} 5. c3 {[%clk 1:31:40]} Nf6 {[%clk 1:30:39]}
6. Bg2 {[%clk 1:31:55]} Bg7 {[%clk 1:30:59]} 7. O-O {[%clk 1:31:30]} O-O
{[%clk 1:31:19]} 8. Nbd2 {[%clk 1:31:53]} Bd7 {[%clk 1:31:05]} 9. a4
{[%clk 1:30:30]} a6 {[%clk 1:29:23]} 10. Re1 {[%clk 1:27:57]} Rb8
{[%clk 1:26:57]} 11. Nf1 {[%clk 1:22:59]} h6 {[%clk 1:23:31]} 12. Ne3
{[%clk 1:16:01]} b5 {[%clk 1:20:27]} 13. axb5 {[%clk 1:16:14]} axb5
{[%clk 1:20:56]} 14. Nd5 {[%clk 1:13:38]} Nh7 {[%clk 1:16:18]} 15. Ne3
{[%clk 1:05:30]} b4 {[%clk 1:06:14]} 16. c4 {[%clk 0:57:24]} Re8 {[%clk 1:03:39]}
17. h4 {[%clk 0:57:16]} Nd4 {[%clk 0:58:38]} 18. Nxd4 {[%clk 0:56:56]} Bxd4
{[%clk 0:58:57]} 19. Ng4 {[%clk 0:54:01]} Bxg4 {[%clk 0:59:15]} 20. Qxg4
{[%clk 0:54:19]} h5 {[%clk 0:58:52]} 21. Qe2 {[%clk 0:53:19]} e6 {[%clk 0:56:06]}
22. Be3 {[%clk 0:52:02]} Qf6 {[%clk 0:47:05]} 23. Bxd4 {[%clk 0:49:33]} Qxd4
{[%clk 0:47:23]} 24. Reb1 {[%clk 0:46:33]} Ra8 {[%clk 0:44:49]} 25. Rxa8
{[%clk 0:45:59]} Rxa8 {[%clk 0:45:18]} 26. Qe3 {[%clk 0:40:21]} Qxe3
{[%clk 0:43:07]} 27. fxe3 {[%clk 0:40:50]} Ra7 {[%clk 0:42:27]} 28. Kf2
{[%clk 0:39:24]} Nf6 {[%clk 0:37:26]} 29. Bf3 {[%clk 0:39:43]} Nd7
{[%clk 0:35:25]} 30. Ke2 {[%clk 0:39:43]} Ne5 {[%clk 0:35:14]} 31. Bg2
{[%clk 0:38:18]} Kg7 {[%clk 0:34:02]} 32. Kd2 {[%clk 0:37:45]} f5
{[%clk 0:32:30]} 33. Kc2 {[%clk 0:33:31]} Kf6 {[%clk 0:31:27]} 34. d4
{[%clk 0:32:35]} Nxc4 {[%clk 0:29:53]} 35. Kd3 {[%clk 0:32:36]} Nb6
{[%clk 0:29:58]} 36. exf5 {[%clk 0:31:28]} c4+ {[%clk 0:29:50]} 37. Kc2
{[%clk 0:26:50]} gxf5 {[%clk 0:30:07]} 38. e4 {[%clk 0:26:39]} Rg7
{[%clk 0:26:53]} 0-1

[Event "Senior Women Russian Championship 2022_HL"]
[Site "Saint-Petersburg"]
[Date "2022.10.01"]
[Round "2.1"]
[White "Mikhaylova, Irina"]
[Black "Mednikova, Svetlana"]
[Result "1/2-1/2"]
[BlackElo "2092"]
[WhiteElo "2266"]
[LiveChessVersion "1.4.8"]

1. Nf3 {[%clk 1:30:56]} d5 {[%clk 1:30:25]} 2. g3 {[%clk 1:30:59]} Nc6
{[%clk 1:24:27]} 3. d4 {[%clk 1:28:23]} Bg4 {[%clk 1:23:52]} 4. Bg2
{[%clk 1:28:45]} Qd7 {[%clk 1:20:46]} 5. Bf4 {[%clk 1:27:13]} f6 {[%clk 1:16:17]}
6. Nc3 {[%clk 1:25:43]} g5 {[%clk 1:13:33]} 7. Be3 {[%clk 1:16:45]} Bg7
{[%clk 1:08:58]} 8. h4 {[%clk 1:05:52]} h6 {[%clk 1:08:04]} 9. Nd2
{[%clk 0:59:53]} e6 {[%clk 0:40:33]} 10. Nb3 {[%clk 0:58:35]} O-O-O
{[%clk 0:39:31]} 11. Nc5 {[%clk 0:50:24]} Qe8 {[%clk 0:38:07]} 12. b4
{[%clk 0:41:14]} Bf5 {[%clk 0:35:16]} 13. b5 {[%clk 0:40:07]} Na5
{[%clk 0:27:35]} 14. Kf1 {[%clk 0:36:48]} Nc4 {[%clk 0:24:36]} 15. Bc1
{[%clk 0:35:58]} gxh4 {[%clk 0:20:35]} 16. Rxh4 {[%clk 0:36:01]} Ne7
{[%clk 0:19:57]} 17. e4 {[%clk 0:30:23]} dxe4 {[%clk 0:19:44]} 18. Bxe4
{[%clk 0:25:33]} Nd6 {[%clk 0:11:07]} 19. Bd3 {[%clk 0:15:41]} 1/2-1/2

[Event "Senior Women Russian Championship 2022_H"]
[Site "Saint-Petersburg"]
[Date "2022.10.01"]
[Round "2.2"]
[White "Strutinskaia, Galina"]
[Black "Sirotkina, Nina"]
[Result "1/2-1/2"]
[WhiteElo "2097"]
[BlackElo "2190"]
[PlyCount "24"]
[EventDate "2022.??.??"]

1. d4 d5 2. c4 e6 3. Nc3 Be7 4. Nf3 Nf6 5. cxd5 exd5 6. Bg5 c6 7. e3 Bf5 8. Bd3
Bxd3 9. Qxd3 Nbd7 10. O-O O-O 11. h3 Nh5 12. Bxe7 Qxe7 1/2-1/2

[Event "Senior Women Russian Championship 2022_H"]
[Site "Saint-Petersburg"]
[Date "2022.10.01"]
[Round "2.3"]
[White "Kozlovskaya, Valentina"]
[Black "Fatalibekova, Elena"]
[Result "0-1"]
[WhiteElo "2067"]
[BlackElo "2140"]
[PlyCount "84"]
[EventDate "2022.??.??"]

1. c4 c5 2. Nc3 Nf6 3. Nf3 d5 4. cxd5 Nxd5 5. g3 Nc6 6. Bg2 Nc7 7. O-O e5 8. d3
Be7 9. Bd2 O-O 10. b3 Be6 11. Rc1 Nd5 12. Na4 b6 13. a3 Rc8 14. Nc3 f6 15. Nxd5
Bxd5 16. Rb1 a5 17. Ne1 f5 18. Bxd5+ Qxd5 19. Ng2 Rcd8 20. Ne3 Qe6 21. Nc4 f4
22. f3 Qh3 23. Rf2 fxg3 24. hxg3 e4 25. Rh2 Qxg3+ 26. Rg2 Qc7 27. dxe4 Bf6 28.
Qe1 Bd4+ 29. Be3 b5 30. Bxd4 Nxd4 31. Ne3 Rxf3 32. Nd5 Qe5 33. Qh4 Rd7 34. Re1
Rf8 35. Rg5 Qd6 36. Qh3 Rdf7 37. Qg2 Re8 38. Rd1 Re5 39. Rg4 Qh6 40. Rg3 Qe6
41. Rg4 Rh5 42. Rd3 Qh6 0-1

[Event "Senior Women Russian Championship 2022_HL"]
[Site "Saint-Petersburg"]
[Date "2022.10.01"]
[Round "2.4"]
[White "Ivanova, Tatiana"]
[Black "Kapelkina, Galina"]
[Result "1-0"]
[BlackElo "1644"]
[WhiteElo "2127"]
[LiveChessVersion "1.4.8"]

1. d4 {[%clk 1:30:56]} Nf6 {[%clk 1:30:51]} 2. Nf3 {[%clk 1:31:18]} d6
{[%clk 1:30:52]} 3. g3 {[%clk 1:31:29]} Nbd7 {[%clk 1:30:15]} 4. Bg2
{[%clk 1:31:22]} Ne4 {[%clk 1:29:17]} 5. O-O {[%clk 1:30:59]} Ndf6
{[%clk 1:28:50]} 6. c3 {[%clk 1:28:05]} c6 {[%clk 1:25:26]} 7. Ng5
{[%clk 1:26:14]} Nxg5 {[%clk 1:25:35]} 8. Bxg5 {[%clk 1:26:41]} h6
{[%clk 1:23:11]} 9. Bxf6 {[%clk 1:25:52]} exf6 {[%clk 1:23:23]} 10. d5
{[%clk 1:24:18]} Bd7 {[%clk 1:21:09]} 11. Qb3 {[%clk 1:23:50]} Qb6
{[%clk 1:20:23]} 12. Nd2 {[%clk 1:23:36]} Be7 {[%clk 1:17:17]} 13. Nc4
{[%clk 1:19:56]} Qxb3 {[%clk 1:15:27]} 14. axb3 {[%clk 1:20:24]} cxd5
{[%clk 1:15:10]} 15. Nb6 {[%clk 1:19:20]} Rb8 {[%clk 1:11:26]} 16. Rxa7
{[%clk 1:18:26]} Bd8 {[%clk 1:04:15]} 17. Nxd7 {[%clk 1:16:09]} Kxd7
{[%clk 1:04:33]} 18. Bxd5 {[%clk 1:16:27]} Bb6 {[%clk 1:03:35]} 19. Rxb7+
{[%clk 1:16:07]} Rxb7 {[%clk 1:03:34]} 20. Bxb7 {[%clk 1:16:33]} Re8
{[%clk 1:02:44]} 21. e3 {[%clk 1:16:24]} Kc7 {[%clk 1:00:38]} 22. Bd5
{[%clk 1:16:42]} Re7 {[%clk 1:00:56]} 23. Ra1 {[%clk 1:16:23]} f5
{[%clk 1:00:36]} 24. Kg2 {[%clk 1:15:08]} g5 {[%clk 1:00:02]} 25. Kf3
{[%clk 1:13:59]} f6 {[%clk 1:00:09]} 26. Ra8 {[%clk 1:13:55]} Re5
{[%clk 0:56:36]} 27. c4 {[%clk 1:13:44]} f4 {[%clk 0:53:33]} 28. gxf4
{[%clk 1:13:34]} gxf4 {[%clk 0:53:34]} 29. Kxf4 {[%clk 1:13:33]} Rh5
{[%clk 0:53:26]} 30. Rf8 {[%clk 1:10:41]} Rxh2 {[%clk 0:52:12]} 31. Kg3
{[%clk 1:11:03]} Rh5 {[%clk 0:52:08]} 32. Rxf6 {[%clk 1:11:17]} Bc5
{[%clk 0:50:26]} 33. Rf7+ {[%clk 1:10:54]} Kd8 {[%clk 0:50:03]} 34. Rb7
{[%clk 1:07:10]} Kc8 {[%clk 0:46:28]} 35. b4 {[%clk 1:04:14]} Rg5+
{[%clk 0:39:57]} 36. Kf4 {[%clk 0:59:41]} Bxe3+ {[%clk 0:39:32]} 37. fxe3
{[%clk 1:00:02]} Rxd5 {[%clk 0:39:37]} 38. cxd5 {[%clk 0:59:25]} Kxb7
{[%clk 0:39:52]} 39. e4 {[%clk 0:59:40]} Kb6 {[%clk 0:38:56]} 40. Kf5
{[%clk 1:29:37]} Kb5 {[%clk 1:09:03]} 41. Kg6 {[%clk 1:29:32]} Kxb4
{[%clk 1:09:09]} 42. e5 {[%clk 1:29:53]} dxe5 {[%clk 1:08:14]} 43. d6
{[%clk 1:30:17]} 1-0

[Event "Senior Women Russian Championship 2022_H"]
[Site "Saint-Petersburg"]
[Date "2022.10.01"]
[Round "2.5"]
[White "Bogumil, Tatiana"]
[Black "Chernikova, Svetlana"]
[Result "1-0"]
[WhiteElo "2182"]
[BlackElo "2008"]
[PlyCount "87"]
[EventDate "2022.??.??"]

1. Nf3 g6 2. c4 Bg7 3. Nc3 c5 4. d4 cxd4 5. Nxd4 Nc6 6. Nb3 Nf6 7. e4 d6 8. Be2
Be6 9. Be3 Na5 10. Nd4 Bd7 11. O-O Rc8 12. b3 O-O 13. Rc1 b6 14. f3 Nc6 15. Qd2
Nxd4 16. Bxd4 Bc6 17. Rfd1 Qd7 18. Qe1 Qb7 19. Qf2 Rfd8 20. g4 Ne8 21. Be3 e6
22. b4 Qa8 23. Bd4 d5 24. Bxg7 Nxg7 25. cxd5 exd5 26. Nxd5 Bxd5 27. Rxc8 Qxc8
28. exd5 Ne8 29. Bb5 Nd6 30. Bc6 h5 31. h3 hxg4 32. hxg4 f5 33. Re1 Qc7 34. Qh4
Nf7 35. gxf5 g5 36. Qg4 Kg7 37. Kg2 Qd6 38. Re6 Qc7 39. Qd4+ Kf8 40. b5 Qb8 41.
Qf6 Rd6 42. Qe7+ Kg7 43. Be8 Rxd5 44. Qxf7+ 1-0

[Event "Senior Women Russian Championship 2022_HL"]
[Site "Saint-Petersburg"]
[Date "2022.10.01"]
[Round "2.6"]
[White "Saunina, Ludmila"]
[Black "Solomonova, Lidiya"]
[Result "0-1"]
[BlackElo "2168"]
[WhiteElo "1902"]
[LiveChessVersion "1.4.8"]

1. d4 {[%clk 1:30:57]} g6 {[%clk 1:30:53]} 2. Nf3 {[%clk 1:31:03]} Bg7
{[%clk 1:31:16]} 3. c4 {[%clk 1:31:07]} c5 {[%clk 1:31:03]} 4. e3
{[%clk 1:27:09]} d6 {[%clk 1:29:22]} 5. Nc3 {[%clk 1:27:08]} cxd4
{[%clk 1:29:12]} 6. exd4 {[%clk 1:27:23]} Bg4 {[%clk 1:24:56]} 7. Be2
{[%clk 1:27:37]} Nc6 {[%clk 1:25:03]} 8. Be3 {[%clk 1:25:41]} Nf6
{[%clk 1:19:19]} 9. O-O {[%clk 1:24:26]} O-O {[%clk 1:19:24]} 10. h3
{[%clk 1:24:44]} Bxf3 {[%clk 1:18:46]} 11. Bxf3 {[%clk 1:25:10]} Rc8
{[%clk 1:15:21]} 12. Rc1 {[%clk 1:23:58]} a6 {[%clk 1:14:59]} 13. b3
{[%clk 1:23:54]} Qa5 {[%clk 1:11:19]} 14. Qd2 {[%clk 1:11:14]} Rfe8
{[%clk 1:08:55]} 15. d5 {[%clk 1:08:50]} Ne5 {[%clk 1:05:49]} 16. Be2
{[%clk 1:06:56]} Ned7 {[%clk 1:05:00]} 17. Rb1 {[%clk 0:58:35]} Qc7
{[%clk 0:46:14]} 18. Rfc1 {[%clk 0:58:34]} Qb8 {[%clk 0:44:37]} 19. b4
{[%clk 0:52:35]} Ne5 {[%clk 0:39:15]} 20. c5 {[%clk 0:52:25]} e6 {[%clk 0:36:43]}
21. dxe6 {[%clk 0:44:23]} Rxe6 {[%clk 0:36:33]} 22. f4 {[%clk 0:38:38]} Nc6
{[%clk 0:36:35]} 23. Bc4 {[%clk 0:38:21]} d5 {[%clk 0:36:23]} 24. Nxd5
{[%clk 0:31:23]} Nxd5 {[%clk 0:35:58]} 25. Bxd5 {[%clk 0:30:49]} Rxe3
{[%clk 0:35:34]} 26. Bxc6 {[%clk 0:30:43]} Qxf4 {[%clk 0:31:44]} 27. Bxb7
{[%clk 0:29:34]} Bd4 {[%clk 0:29:57]} 28. Kh1 {[%clk 0:27:00]} Rxh3+
{[%clk 0:29:59]} 29. gxh3 {[%clk 0:27:23]} Qxd2 {[%clk 0:30:23]} 30. Bxc8
{[%clk 0:27:44]} Be5 {[%clk 0:30:04]} 31. Kg1 {[%clk 0:27:52]} Bg3
{[%clk 0:30:22]} 0-1

[Event "Senior Women Russian Championship 2022_HL"]
[Site "Saint-Petersburg"]
[Date "2022.10.01"]
[Round "2.7"]
[White "Gladisheva, Tatjana"]
[Black "Titorenko, Natalia I"]
[Result "1/2-1/2"]
[BlackElo "2024"]
[WhiteElo "2162"]
[LiveChessVersion "1.4.8"]

1. d4 {[%clk 1:30:52]} Nf6 {[%clk 1:30:53]} 2. Nc3 {[%clk 1:31:04]} d5
{[%clk 1:31:03]} 3. Bf4 {[%clk 1:31:21]} Bf5 {[%clk 1:23:06]} 4. f3
{[%clk 1:29:48]} e6 {[%clk 1:21:02]} 5. g4 {[%clk 1:29:12]} Bg6 {[%clk 1:21:21]}
6. h4 {[%clk 1:28:49]} h6 {[%clk 1:18:36]} 7. e3 {[%clk 1:29:04]} c5
{[%clk 1:08:50]} 8. Bd3 {[%clk 1:28:35]} Bxd3 {[%clk 1:05:11]} 9. Qxd3
{[%clk 1:27:46]} Qd7 {[%clk 0:40:54]} 10. Nge2 {[%clk 1:24:41]} Na6
{[%clk 0:37:56]} 11. Qb5 {[%clk 1:17:29]} Nb4 {[%clk 0:28:19]} 12. Qxd7+
{[%clk 1:13:22]} Kxd7 {[%clk 0:27:21]} 13. O-O-O {[%clk 1:11:39]} cxd4
{[%clk 0:23:59]} 14. Nxd4 {[%clk 1:07:04]} Bd6 {[%clk 0:17:53]} 15. Bxd6
{[%clk 1:02:37]} Kxd6 {[%clk 0:18:22]} 16. g5 {[%clk 1:01:32]} hxg5
{[%clk 0:17:11]} 17. hxg5 {[%clk 1:01:57]} Nd7 {[%clk 0:15:49]} 18. e4
{[%clk 1:00:06]} Rxh1 {[%clk 0:11:58]} 19. Rxh1 {[%clk 1:00:13]} dxe4
{[%clk 0:11:28]} 20. Ndb5+ {[%clk 0:45:26]} Kc5 {[%clk 0:06:12]} 21. a3
{[%clk 0:33:28]} Nd5 {[%clk 0:04:23]} 22. fxe4 {[%clk 0:31:57]} Nxc3
{[%clk 0:04:45]} 23. Nxc3 {[%clk 0:32:23]} Ne5 {[%clk 0:04:53]} 24. Ne2
{[%clk 0:28:32]} Rd8 {[%clk 0:03:45]} 25. Rh3 {[%clk 0:25:22]} b5
{[%clk 0:02:36]} 1/2-1/2

[Event "Senior Women Russian Championship 2022_H"]
[Site "Saint-Petersburg"]
[Date "2022.09.25"]
[Round "2.8"]
[White "Ovsiannikova, Tatiana"]
[Black "Sazonova, Elena N"]
[Result "1-0"]
[WhiteElo "2009"]
[BlackElo "2120"]
[PlyCount "115"]
[EventDate "2022.??.??"]

1. e4 c5 2. Nc3 Nc6 3. Bc4 e6 4. d3 a6 5. a3 Nf6 6. Bg5 Be7 7. f4 h6 8. Bxf6
Bxf6 9. Nf3 d6 10. O-O O-O 11. h3 b5 12. Bb3 Bb7 13. Kh2 Qc7 14. Qe1 Na5 15.
Ba2 Rac8 16. Nd1 Nc6 17. c3 a5 18. Ne3 Rfe8 19. Ng4 Be7 20. Qg3 Kh8 21. Rae1
Bf8 22. Ne3 Ne7 23. f5 c4 24. fxe6 fxe6 25. Nd4 Qc5 26. Nxe6 Qe5 27. Nf4 g5 28.
Nh5 cxd3 29. Ng4 Qxg3+ 30. Nxg3 Bg7 31. Rd1 b4 32. axb4 axb4 33. Rxd3 Ba6 34.
c4 Bxc4 35. Bxc4 Rxc4 36. Rxd6 Rc6 37. Rfd1 Rec8 38. b3 Ng6 39. Rd8+ Rxd8 40.
Rxd8+ Kh7 41. Rd7 Nf8 42. Rb7 Ne6 43. Nh5 Rc7 44. Rxb4 Bf8 45. Rb6 Nf4 46.
Nhf6+ Kh8 47. Rb8 Rf7 48. e5 Kg7 49. Ne8+ Kg6 50. Rb6+ Kh7 51. Ngf6+ Kh8 52. g3
Nd3 53. e6 Ra7 54. Nd6 Ra2+ 55. Kg1 Ne5 56. Rb7 Bg7 57. Rb8+ Bf8 58. e7 1-0

[Event "Senior Women Russian Championship 2022_HL"]
[Site "Saint-Petersburg"]
[Date "2022.10.01"]
[Round "2.10"]
[White "Sorokina, Tamara"]
[Black "Kuznetsova, Luba"]
[Result "1/2-1/2"]
[BlackElo "1935"]
[WhiteElo "2028"]
[LiveChessVersion "1.4.8"]

1. Nf3 {[%clk 1:30:51]} c5 {[%clk 1:30:42]} 2. c4 {[%clk 1:31:07]} Nf6
{[%clk 1:30:24]} 3. g3 {[%clk 1:31:16]} Nc6 {[%clk 1:30:21]} 4. Bg2
{[%clk 1:31:35]} g6 {[%clk 1:30:14]} 5. O-O {[%clk 1:31:52]} Bg7 {[%clk 1:29:55]}
6. d3 {[%clk 1:32:06]} O-O 7. Nc3 d6 {[%clk 1:28:53]} 8. e4 {[%clk 1:31:52]} Bg4
{[%clk 1:28:04]} 9. h3 {[%clk 1:32:08]} Bxf3 {[%clk 1:26:45]} 10. Bxf3
{[%clk 1:32:31]} Nd4 {[%clk 1:24:41]} 11. Bg2 {[%clk 1:32:49]} 1/2-1/2

[Event "Senior Women Russian Championship 2022_H"]
[Site "Saint-Petersburg"]
[Date "2022.10.01"]
[Round "2.11"]
[White "Grigoryeva, Olga"]
[Black "Malinicheva, Lidia"]
[Result "1-0"]
[WhiteElo "1940"]
[BlackElo "1845"]
[PlyCount "83"]
[EventDate "2022.??.??"]

1. e4 d6 2. d4 g6 3. f4 Nd7 4. Nf3 Bg7 5. Bd3 e6 6. c3 a6 7. Be3 Ne7 8. Nbd2 b6
9. Qe2 Bb7 10. h4 h5 11. Ng5 Nf6 12. O-O-O Ng4 13. Rhf1 Qd7 14. Bg1 f6 15. Nh3
O-O 16. Nf2 f5 17. Nxg4 fxg4 18. Kb1 a5 19. Rde1 e5 20. fxe5 dxe5 21. d5 Bf6
22. g3 Qd8 23. Be3 Nc8 24. Bh6 Rf7 25. Rf2 Nd6 26. Nc4 Qe7 27. Ref1 Bg7 28.
Nxd6 Rxf2 29. Qxf2 Bxh6 30. Nxb7 Ra7 31. Nd8 Ra8 32. Qf7+ Qxf7 33. Nxf7 Bg7 34.
Ng5 Bf8 35. Ne6 Bd6 36. Rf6 Kh7 37. Kc2 Re8 38. Nxc7 Rd8 39. Ne6 Rd7 40. Bb5
Be7 41. Rf7+ Kg8 42. Rg7+ 1-0

[Event "Senior Women Russian Championship 2022_HL"]
[Site "Saint-Petersburg, Russia"]
[Date "2022.09.26"]
[Round "3.11"]
[White "Kuznetsova, Luba"]
[Black "Vasiukova, Ekaterina"]
[Result "1-0"]
[TimeControl "Standard: 90min/40moves+30min/end+30sec increment per move starting from move 1"]
[WhiteElo "1935"]
[BlackElo "1675"]

1. d4 {[%clk 01:30:58]} d5 {[%clk 01:30:52]} 2. Nf3 {[%clk 01:31:06]} c6 {[%clk
01:29:17]} {[%emt 00:00:07]} 3. e3 {[%clk 01:28:31]} {[%emt 00:03:04]} Nf6
{[%clk 01:27:47]} {[%emt 00:02:01]} 4. Bd3 {[%clk 01:28:12]} {[%emt 00:00:48]}
Bg4 {[%clk 01:27:40]} {[%emt 00:00:36]} 5. Nbd2 {[%clk 01:26:09]} {[%emt
00:02:33]} e6 {[%clk 01:27:16]} {[%emt 00:00:55]} 6. O-O {[%clk 01:24:30]}
{[%emt 00:02:08]} Bd6 {[%clk 01:26:40]} {[%emt 00:01:07]} 7. c4 {[%clk
01:22:53]} {[%emt 00:02:07]} O-O {[%clk 01:24:01]} {[%emt 00:03:09]} 8. Qb3
{[%clk 01:20:33]} {[%emt 00:02:50]} Qc7 {[%clk 01:18:45]} {[%emt 00:05:47]} 9.
c5 {[%clk 01:16:23]} {[%emt 00:04:40]} Be7 {[%clk 01:18:47]} {[%emt 00:00:28]}
10. Ne5 {[%clk 01:15:14]} {[%emt 00:01:39]} Bxc5 {[%clk 01:00:51]} {[%emt
00:18:27]} 11. dxc5 {[%clk 01:05:16]} {[%emt 00:10:27]} Qxe5 {[%clk 01:00:58]}
{[%emt 00:00:22]} 12. h3 {[%clk 01:02:19]} {[%emt 00:03:28]} Bh5 {[%clk
00:55:31]} {[%emt 00:05:57]} 13. Qxb7 {[%clk 01:00:19]} {[%emt 00:02:30]} Nbd7
{[%clk 00:55:36]} {[%emt 00:00:25]} 14. Qxc6 {[%clk 00:59:36]} {[%emt
00:01:13]} Rfc8 {[%clk 00:55:20]} {[%emt 00:00:46]} 15. Qd6 {[%clk 00:57:01]}
{[%emt 00:03:05]} Rxc5 {[%clk 00:55:07]} {[%emt 00:00:43]} 16. Qxe5 {[%clk
00:57:06]} {[%emt 00:00:26]} Nxe5 {[%clk 00:55:27]} {[%emt 00:00:10]} 17. b4
{[%clk 00:49:39]} {[%emt 00:07:56]} Rc6 {[%clk 00:40:03]} {[%emt 00:15:54]} 18.
Bb1 {[%clk 00:46:33]} {[%emt 00:03:37]} Be2 {[%clk 00:38:43]} {[%emt 00:01:48]}
19. Re1 {[%clk 00:46:46]} {[%emt 00:00:17]} Bd3 {[%clk 00:34:16]} {[%emt
00:04:57]} 20. f4 {[%clk 00:45:53]} {[%emt 00:01:25]} Rxc1 {[%clk 00:30:29]}
{[%emt 00:04:17]} 21. Rxc1 {[%clk 00:45:06]} {[%emt 00:01:16]} Nc4 {[%clk
00:30:26]} {[%emt 00:00:33]} 22. Bxd3 {[%clk 00:42:48]} {[%emt 00:02:48]} Nxd2
{[%clk 00:30:49]} {[%emt 00:00:08]} 23. Rc7 {[%clk 00:41:27]} {[%emt 00:01:50]}
Nde4 {[%clk 00:30:01]} {[%emt 00:01:18]} 24. Bxe4 {[%clk 00:38:59]} {[%emt
00:02:58]} Nxe4 {[%clk 00:29:48]} {[%emt 00:00:44]} 25. Rac1 {[%clk 00:39:11]}
{[%emt 00:00:16]} Nd6 {[%clk 00:30:01]} {[%emt 00:00:18]} 26. R1c6 {[%clk
00:36:55]} {[%emt 00:02:46]} Ne8 {[%clk 00:29:47]} {[%emt 00:00:45]} 27. Rc8
{[%clk 00:37:01]} {[%emt 00:00:23]} Rxc8 {[%clk 00:30:08]} {[%emt 00:00:10]} 28.
Rxc8 {[%clk 00:37:29]} {[%emt 00:00:02]} Kf8 {[%clk 00:30:27]} {[%emt
00:00:11]} 29. Ra8 {[%clk 00:37:43]} {[%emt 00:00:15]} Ke7 {[%clk 00:29:37]}
{[%emt 00:01:20]} 30. Rxa7+ {[%clk 00:38:10]} {[%emt 00:00:03]} Kf6 {[%clk
00:29:48]} {[%emt 00:00:19]} 31. b5 {[%clk 00:37:21]} {[%emt 00:01:18]} Nd6
{[%clk 00:29:55]} {[%emt 00:00:24]} 32. a4 {[%clk 00:36:51]} {[%emt 00:01:01]}
Kf5 {[%clk 00:29:44]} {[%emt 00:00:41]} 33. b6 {[%clk 00:34:20]} {[%emt
00:02:59]} Ke4 {[%clk 00:29:52]} {[%emt 00:00:23]} 34. Kf2 {[%clk 00:34:08]}
{[%emt 00:00:42]} Nc4 {[%clk 00:29:47]} {[%emt 00:00:37]} 35. b7 {[%clk
00:34:04]} {[%emt 00:00:33]} 1-0